000 00739cab a2200205 4500
001 WB3319-49
008 090401t1997 xxu||||| |||| 00| 0 eng d
035 _a(Sirsi) u78367
041 _aeng
245 _aNew body will speak for building surveyors
260 _c1997
350 _a0
490 _aCSM (Chartered Surveyor Monthly)
_v6(8) May 1997, 10(1)
520 _aThe Association of Consultant Building Surveyors was launched on 1 May 1997, with the first objective of setting up consortia bids to win work.
650 _aASSOCIATION OF CONSULTANT BUILDING SURVEYORS
650 _aBUILT ENVIRONMENT-BUILDING INSPECTION
690 _aMANAGEMENT-BUSINESS MANAGEMENT-PROFESSIONAL PRACTICE
942 _n0
948 _c15/05/1997
999 _c49322
_d49322